000
00243nam a22001097a 4500
082
_a
741.642
100
_a
Dayal.Mala
_9
83505
245
_a
The Story of Hanuman
260
_a
New Delhi
_b
Red Turtle Rupa
_c
2016
650
_a
children
942
_c
BK
999
_c
68445
_d
68445